|
|
|
|
| LEADER |
01437nam a2200313 a 4500 |
| 001 |
8210 |
| 003 |
BD-DhAAL |
| 005 |
20151208103839.0 |
| 008 |
151124s2009 bg 000 0 beno |
| 010 |
|
|
|a 2009345143
|
| 020 |
|
|
|a 9847015600822
|
| 040 |
|
|
|a DLC
|c DLC
|d DLC
|d BD-DhAAL
|
| 050 |
0 |
0 |
|a HD9016.B352
|b S57 2009
|
| 082 |
|
|
|a 338.1/8549/2
|
| 100 |
1 |
|
|a সিরাজ, শাইখ
|d 1956-
|9 16523
|
| 245 |
1 |
0 |
|a মাটির কাছে মানুষের কাছে /
|c শাইখ সিরাজ
|
| 246 |
1 |
|
|i Title on t.p. verso:
|a Matir kachhe, manusher kachhe
|
| 260 |
|
|
|a ঢাকা :
|b মাওলা ব্রাদার্স,
|c ২০০৯.
|
| 300 |
|
|
|a ২০৬ পৃ. ;
|c ২২ সে.মি.
|
| 520 |
|
|
|a Articles on economical prospects of some agricultural and pisciculture products of Bangladesh.
|
| 541 |
|
|
|e 8210
|
| 546 |
|
|
|a In Bengali.
|
| 650 |
|
0 |
|a Farm produce
|z Bangladesh
|x Marketing.
|9 16524
|
| 650 |
|
0 |
|a Fish culture
|x Economic aspects
|z Bangladesh.
|9 16525
|
| 650 |
|
0 |
|a Agriculture and state
|z Bangladesh.
|9 4311
|
| 942 |
|
|
|2 ddc
|c BK
|
| 999 |
|
|
|c 36365
|d 36365
|
| 952 |
|
|
|0 0
|1 0
|2 ddc
|4 0
|6 338_100000000000000_8549_2_SIR
|7 0
|9 57188
|a SCL
|b SCL
|c GEN
|d 2015-12-08
|g 270.00
|l 0
|o 338.185492 SIR
|p 3020008209
|r 2015-12-08
|t 2
|w 2015-12-08
|y BK
|
| 952 |
|
|
|0 0
|1 0
|2 ddc
|4 0
|6 338_100000000000000_8549_2_SIR
|7 0
|9 57189
|a SCL
|b SCL
|c GEN
|d 2015-12-08
|g 270.00
|l 0
|o 338.185492 SIR
|p 3020008210
|r 2015-12-08
|t 1
|w 2015-12-08
|y BK
|